| 000 | 00855nam a2200241 a 4500 | ||
|---|---|---|---|
| 999 |
_c6418 _d6418 |
||
| 001 | 6418 | ||
| 003 | BD-JhCC | ||
| 005 | 20180123181255.0 | ||
| 008 | 171104s1986 bg |||| ||a| 000 0 ben d | ||
| 035 | _a(BD-JhCC) 6418 | ||
| 040 |
_aBD-JhCC _dBD-JhCC |
||
| 041 | _aben | ||
| 082 |
_a297.36 _bISL 1986 |
||
| 100 | _aইসলামাবাদী, মুহাম্মদ রিজাউল করীম | ||
| 245 |
_aবরকতের রাত ও বরকতের মাস / _cমুহাম্মদ রিজাউল করীম ইসলামাবাদী |
||
| 260 |
_aঢাকা : _bইসলামিক ফাউন্ডেশন বাংলাদেশ , _c1986. |
||
| 300 |
_a95 p .: _c22 cm . |
||
| 650 |
_aReligious Life _xIslam |
||
| 650 | _aIslamic Calendar | ||
| 650 | _aRamadan | ||
| 942 |
_2ddc _cBK |
||